Animaux - lettre P - Statistiques

Statistiques générales
  • Ce quiz a été pris 78 fois
    77 depuis la dernière actualisation
  • Le résultat moyen est 24 sur 44
Statistiques - réponses
Par images Réponse % Correct
Panda
100%
Papillon
100%
Pie
97%
Paon
96%
Panthère
93%
Perroquet
92%
Pélican
89%
Pigeon
89%
Poule
87%
Poney
86%
Phoque
82%
Puma
82%
Pieuvre
79%
Paresseux
77%
Pangolin
75%
Porc-épic
75%
Python
75%
Pic vert
73%
Panda roux
72%
Phasme
68%
Pintade
63%
Punaise
61%
Piranha
59%
Putois
58%
Puce
56%
Pingouin
46%
Poule d'eau
42%
Pygargue
41%
Perdrix
35%
Pinson
35%
Perche
34%
Perce-oreilles
27%
Pic épeiche
21%
Plie
21%
Potamochère
17%
Pika
14%
Pipistrelle
13%
Patelle
10%
Piéride
6%
Pudu
6%
Phalanger
4%
Plongeon
4%
Pipa
3%
Podarge
3%
Aucun quiz correspondant
Distribution des résultats
% des personnes avec chaque résultat
Percentile par nombre de réponses
Votre historique - résultats
Vous n’avez pas pris ce quiz depuis la dernière actualisation